000 00811nam a22001937a 4500
999 _c372052
_d372052
008 201127b ||||| |||| 00| 0 eng d
040 _aDE-2950
_bger
_cDE-2950
_erda
041 _ager
245 _aWie der Kleingartenverein den Wildenbruchteich retten will.
_bUmwelt. Die ökologische Situation in dem kleinen Gewässer ist unverändert problematisch. Welche Maßnahmen jetzt ergriffen werden sollen /
_cJanine Reinschmidt und Thomas Gutke
264 _c2022
653 _aFrankfurt (Oder)
653 _aWildenbruchteich
653 _aUmweltverschmutzung
773 _dFrankfurt (Oder) Märkisches Verlags- und Druckhaus GmbH & Co KG
_tMärkische Oderzeitung
_g33. Jahrgang (2022) Nr. 294 vom 17./18.12.2022, S. 17
942 _cA